00337nam a2200133Ia 4500008004100000020001500041041001200056082001100068100001500079245004900094260003700143300000900180650001400189221030s9999 xx 000 0 und d a817722655X aEnglish a105.23 aS. Holzner 0aJava 2 Programming Black Bookcby S. Holzner bDreamtech PressaNew Delhic2007 a1460 aComputers